000 01555nam a2200373 a 4500
001 ebr10583988
003 CaPaEBR
006 m u
007 cr cn|||||||||
008 101117s2011 maua sb 001 0deng d
010 _z 2010046552
020 _z9781584659662 (cloth alk. paper)
020 _z9781584659839 (pbk. alk. paper)
020 _z9781611682939 (e-book)
040 _aCaPaEBR
_cCaPaEBR
035 _a(OCoLC)782925938
043 _an-us---
050 1 4 _aLC3571
_b.K73 2011eb
082 0 4 _a370.89/924073
_222
100 1 _aKrasner, Jonathan B.
245 1 4 _aThe Benderly boys & American Jewish education
_h[electronic resource] /
_cJonathan B. Krasner.
246 3 _aBenderly boys and American Jewish education
260 _aWaltham, Mass. :
_bBrandeis University Press,
_cc2011.
300 _axii, 498 p. :
_bill.
490 1 _aBrandeis series in American Jewish history, culture, and life
504 _aIncludes bibliographical references and index.
533 _aElectronic reproduction.
_bPalo Alto, Calif. :
_cebrary,
_d2013.
_nAvailable via World Wide Web.
_nAccess may be limited to ebrary affiliated libraries.
600 1 0 _aBenderly, Samson,
_d1876-1944.
650 0 _aJews
_xEducation
_zUnited States
_xHistory
_y20th century.
655 7 _aElectronic books.
_2local
710 2 _aebrary, Inc.
830 0 _aBrandeis series in American Jewish history, culture, and life.
856 4 0 _uhttp://site.ebrary.com/lib/rucke/Doc?id=10583988
_zAn electronic book accessible through the World Wide Web; click to view
999 _c82455
_d82455